OPAC Home

සර්ව විෂ විනෝදනය (Record no. 86627)

MARC details
000 -LEADER
fixed length control field 00535nam a2200205Ia 4500
003 - CONTROL NUMBER IDENTIFIER
control field LK-CoDNM
005 - DATE AND TIME OF LATEST TRANSACTION
control field 20240226131346.0
008 - FIXED-LENGTH DATA ELEMENTS--GENERAL INFORMATION
fixed length control field 010623t1907 xxu||||| |||| 00| 1 sin d
040 ## - CATALOGING SOURCE
Original cataloging agency LK-CoDNM
Modifying agency LK-CoDNM
Description conventions LK-CoDNM
041 ## - LANGUAGE CODE
Language code of text/sound track or separate title Sinhala; Sinhalese
080 ## - UNIVERSAL DECIMAL CLASSIFICATION NUMBER
Universal Decimal Classification number 104 U21
942 ## - ADDED ENTRY ELEMENTS (KOHA)
Koha item type Books
100 ## - MAIN ENTRY--PERSONAL NAME
Personal name Kapurunada
700 ## - ADDED ENTRY--PERSONAL NAME
Personal name Vadiganatha
245 ## - TITLE STATEMENT
Title සර්ව විෂ විනෝදනය
246 ## - VARYING FORM OF TITLE
Title proper/short title Sarva Visha Vinodanaya
260 ## - PUBLICATION, DISTRIBUTION, ETC. (IMPRINT)
Name of publisher, distributor, etc. F.E.Cooray
Place of publication, distribution, etc. Matara
Date of publication, distribution, etc. 1907
300 ## - PHYSICAL DESCRIPTION
Other physical details Damaged
Extent 50p., 18 cm
650 ## - SUBJECT ADDED ENTRY--TOPICAL TERM
Topical term or geographic name as entry element Indigenous Medicine
Holdings
Withdrawn status Lost status Damaged status Not for loan Collection code Permanent Location Current Location Date acquired Full call number Barcode Koha item type
        Monographs Library National Museum Colombo - Sri Lanka Library National Museum Colombo - Sri Lanka 2023-08-02 104 U21 OB1329-2 Books
          Library National Museum Colombo - Sri Lanka Library National Museum Colombo - Sri Lanka 2024-02-26 104 U21   Books
Copyright © 2023 Department of National Museum, Colombo 07, Sri Lanka Funded by UNESCO IFAP UNESCO